000 00708nam a22002177a 4500
003 UA-OsUOA
001 73430
007 ta
008 20110301b un ||||| |||| 00| 0 ukr d
100 _aОлійник О.
090 _a82
_bО-54
942 _cSA
040 _aUA-OsUOA
_bukr
_cUA-OsUOA
_dUA-OsUOA
245 _aЧасопросторова проблематика у літературознавчих і фольклористичних дослідженнях
300 _aС.66-72
955 _a0
041 _aukr
080 _a82
773 0 _w73428
_tМіфологія і фольклор
_dЛьвів
_d2010
_g4
650 7 _a82 Література. Літературознавство
_2UDC
999 _c359710
_d359710